Pakistan country assistance strategy FY03-05 (Record no. 7320)

000 -LEADER
fixed length control field 00395 a2200145 4500
040 ## - CATALOGING SOURCE
Original cataloging agency DLC
Language of cataloging DLC
082 ## - DEWEY DECIMAL CLASSIFICATION NUMBER
Classification number 337.3
100 ## - MAIN ENTRY--PERSONAL NAME
Personal name World Bank
245 ## - TITLE STATEMENT
Title Pakistan country assistance strategy FY03-05
Statement of responsibility, etc. World Bank
260 ## - PUBLICATION, DISTRIBUTION, ETC.
Place of publication, distribution, etc. Pakistan:
Name of publisher, distributor, etc. World Bank,
Date of publication, distribution, etc. 2002.
300 ## - PHYSICAL DESCRIPTION
Extent viii, 76 p.
Other physical details : ill.
Dimensions ; 27 cm.
500 ## - GENERAL NOTE
General note Includes Index
650 ## - SUBJECT ADDED ENTRY--TOPICAL TERM
Topical term or geographic name entry element Economy-Pakistan
942 ## - ADDED ENTRY ELEMENTS (KOHA)
Koha item type Book
Call number prefix 337.3 WOR
Source of classification or shelving scheme
Holdings
Withdrawn status Lost status Damaged status Not for loan Collection code Permanent Location Current Location Shelving location Date acquired Source of acquisition Cost, normal purchase price Total Checkouts Full call number Barcode Date last seen Price effective from Koha item type
          Central Library (CL) Central Library (CL) General Stacks 01/19/2004 Donation 0.00   337.3 WOR SEECS004171 11/14/2012 01/05/2017 Book
© 2023 Central Library, National University of Sciences and Technology. All Rights Reserved.